000 00317nam a2200145Ia 4500
003 OSt
005 20240307151215.0
008 170524s9999 xx 000 0 und d
020 _a9789380156545
040 _cIIMTU MEERUT
100 _aRAJAGOPAL- A.
245 0 _aLEARNING PHYSICS
260 _bAne
942 _2ddc
_c02
999 _c7755
_d7755